| 000 | 01126nam a2200289 i 4500 | ||
|---|---|---|---|
| 001 | 106166 | ||
| 003 | ES-MaACL | ||
| 005 | 20250831073546.0 | ||
| 007 | t| | ||
| 008 | 061004s2006 sp ||||1| spa d | ||
| 020 | _a978-84-7914-840-9 | ||
| 080 | _a223.2.07 | ||
| 080 | _a264.02-13 | ||
| 110 | 2 |
_aIglesia Católica. _bPapa (1978-2005: Juan Pablo II) _94667 |
|
| 245 | 1 | 0 |
_aVísperas con el Papa _b: las catequesis de Juan Pablo II y Benedicto XVI sobre los salmos y cánticos de Vísperas / _cpresentación, recopilación e índices de José Luis Moreno Martínez. |
| 260 |
_aMadrid : _bBiblioteca de Autores Cristianos, _c2006. |
||
| 300 |
_aXXII, 302 p. ; _c20 cm. |
||
| 490 | 1 |
_aBiblioteca de autores cristianos ; _v661 |
|
| 630 | 0 |
_aBiblia. _pA.T. _pSalmos- _vComentarios. _9119276 |
|
| 650 | 1 | 4 |
_aLiturgia de las horas. _914684 |
| 700 | 0 |
_aJuan Pablo _bII _c, Papa, Santo. _9162513 |
|
| 700 | 0 |
_aBenedicto _bXVI, _cPapa _9234934 |
|
| 700 | 1 |
_aMoreno Martínez, José Luis. _983401 |
|
| 830 | 0 | 0 |
_aBiblioteca de autores cristianos _v661 _9178679 |
| 852 |
_aES-MaACL _jJ-648 _bR.137861 |
||
| 999 |
_c106166 _d106166 |
||